Second Languages - Statistics

General Stats
  • This quiz has been taken 250 times
  • The average score is 7 of 10
Answer Stats
Country Second language % Correct
Sweden English
96%
Ukraine Russian
94%
Brazil Spanish
88%
Finland Swedish
85%
Spain Catalan
73%
Turkey Kurdish
57%
Argentina Italian
55%
Australia Mandarin chinese
54%
Bulgaria Turkish
54%
Mexico Nahuatl
21%
No matching quizzes found
Score Distribution
Percent of People with Each Score
Percentile by Number Answered
Your Score History
You have not taken this quiz